000 01266nam a22003377a 4500
003 EG-ScBUE
005 20220322103746.0
008 200219s2016 jo k f b 000 0 eng d
020 _a9789957484620
040 _aEG-ScBUE
_beng
_erda
_cEG-ScBUE
_dEG-ScBUE
041 1 _aeng
_hara
082 0 4 _222
_a621.042
_bGUI
245 0 2 _aA guide to renewable energy in Egypt and Jordan :
_bcurrent situation and future potentials /
_ctranslation Muna Khleifat ; editing Banan Malkawi.
264 1 _aAmman, Jordan :
_bFriedrich-Ebert-Stiftung,
_c2016.
300 _a181 pages :
_bforms ;
_c24 cm
336 _2rdacontent
_atext
_btxt
337 _2rdamedia
_aunmediated
_bn
338 _2rdacarrier
_avolume
_bnc
504 _aIncludes bibliographical references.
546 _aText in English ; translated from the original Arabic.
650 7 _aRenewable energy sources
_zEgypt.
_2BUEsh
_935947
650 7 _aRenewable energy sources
_zJordan.
_2BUEsh
_935947
650 7 _aPower (Mechanics)
_zEgypt.
_2BUEsh
650 7 _aPower (Mechanics)
_zJordan.
_2BUEsh
653 _bEENERGYY
_cMarch2022
655 _vReading book
_934232
700 1 _aKhleifat, Muna,
_etranslator.
700 1 _aMalkawi, Banan,
_eeditor.
942 _2ddc
_cBB
999 _c29868
_d29839